Presidential and National Assembly elections in Zambia, 31st October 1991 (Record no. 77033)

MARC details
000 -LEADER
fixed length control field 00646nam a2200145 a 4500
008 - FIXED-LENGTH DATA ELEMENTS--GENERAL INFORMATION
fixed length control field 120416s1992 ||||||||||||||||| || u
050 ## - LIBRARY OF CONGRESS CALL NUMBER
Classification number JQ 2894 Com
245 10 - TITLE STATEMENT
Title Presidential and National Assembly elections in Zambia, 31st October 1991
246 ## -
-- report
260 ## - PUBLICATION, DISTRIBUTION, ETC.
Place of publication, distribution, etc. London
Name of publisher, distributor, etc. Commonwealth Secretariat
Date of publication, distribution, etc. 1992
300 ## - PHYSICAL DESCRIPTION
Extent x, 62p. : ill.
350 ## -
-- 0.00
995 ## -
-- SPECIAL COLLECTIONS
-- 0.00
-- 722757
-- CBU-MAIN LIBRARY (Kitwe)
-- 1
-- 0.00
-- ZAM JQ 2894 Com
-- 1
-- AVAILABLE
-- 024245
-- Zambiana Collection
995 ## -
-- SPECIAL COLLECTIONS
-- 0.00
-- 722758
-- CBU-MAIN LIBRARY (Kitwe)
-- 2
-- 0.00
-- ZAM JQ 2894 Com
-- 2
-- AVAILABLE
-- 024170
-- Zambiana Collection
999 ## -
-- 77033
-- 77033
Holdings
Withdrawn status Lost status Source of classification or shelving scheme Damaged status Not for loan Permanent Location Current Location Shelving location Date acquired Total Checkouts Full call number Barcode Date last seen Copy number Price effective from Koha item type
          CBU-MAIN LIBRARY, KITWE. CBU-MAIN LIBRARY, KITWE.   04/25/2023   JQ 2894 Com 024245 04/25/2023 1 04/25/2023 SPECIAL COLLECTION
          CBU-MAIN LIBRARY, KITWE. CBU-MAIN LIBRARY, KITWE.   04/25/2023   JQ 2894 Com 024170 04/25/2023 2 04/25/2023 SPECIAL COLLECTION